000 00260nam a22001097a 4500
999 _c4334
_d4334
008 250206b ||||| |||| 00| 0 eng d
020 _a9781512432107
082 _a609
100 _aTURNER,MATT
_eAUTHOR
245 _aGENIUS COMMUNICATION INVENTIONS
942 _2ddc